000 00313nam a22001337a 4500
008 170526b xxu||||| |||| 00| 0 eng d
020 _a9783540530367
041 _ager
080 _a007.52
100 _a25
101 _aIM
245 _aINFORMATIONS-VERARVEITUNG IN DER ROBOTIK
_cDILLMANN,R
942 _2udc
_cBK
999 _c14571
_d14571